| 000 | 00759nam a2200193 a 4500 | ||
|---|---|---|---|
| 005 | 20210223130600.0 | ||
| 008 | 080804s1981 mx r 000 0 spa d | ||
| 035 | _aUPN01000158910 | ||
| 049 | _aUNE | ||
| 080 | _a37.018.1 =40 LEN No.65. | ||
| 100 | 1 |
_aLengrand, Paul _932502 |
|
| 245 | 1 | 0 |
_aPour une education des parents : _bpremier document d'une série de trois offrant des indications d'ordre pratique aux organisateurs de programmes / _cPaul Lengrand. |
| 260 |
_aParís : _bUNESCO ; _aNueva York : _bUNICEF, _c1981. |
||
| 300 | _a8 p. | ||
| 440 | 0 |
_aNotes, Comments... ; _v65 |
|
| 500 | _aPrograma de cooperación UNESCO, UNICEF y el programa mundia de alimentación | ||
| 690 | _aEducación de los padres - Programas de desarrollo | ||
| 905 | _aUNESCO | ||
| 999 |
_c131024 _d131024 |
||